=LDR 00000nam 2200000 4500 =001 INLIS000000001052274 =005 20240822080534 =035 ##$$a 0010-0824000092 =007 ta =008 240822################a##########j###### =020 ##$$a 978-89-6329-585-5 =082 ##$$a 028.55 =084 ##$$a 028.55 SEO b =100 #$$a Seonmo Ahn =245 1#$$a Bayangan, kenapa kamu mengikutiku? /$c Seonmo Ahn; ilustrator, Lee Gyeong-guk =260 ##$$a Gyeonggi-do :$b Korea Tolstoi,$c 2008 =300 ##$$a 31 hlm. : $b ilus. ; $c 26 cm =650 #4$$a Bacaan kanak-kanak =700 #$$a Lee Gyeong-guk (ilustrator) =990 ##$$a 3202401655